ET IN THE CLASS ROOM (Record no. 33628)
[ view plain ]
| 000 -LEADER | |
|---|---|
| fixed length control field | 00240nam a2200109Ia 4500 |
| 008 - FIXED-LENGTH DATA ELEMENTS--GENERAL INFORMATION | |
| fixed length control field | 240625s9999 xx 000 0 und d |
| 041 ## - LANGUAGE CODE | |
| Language code of text/sound track or separate title | eng |
| 100 ## - MAIN ENTRY--PERSONAL NAME | |
| Personal name | THE ECONOMIC TIMES |
| 245 ## - TITLE STATEMENT | |
| Title | ET IN THE CLASS ROOM |
| 260 ## - PUBLICATION, DISTRIBUTION, ETC. | |
| Date of publication, distribution, etc. | 2003 |
| 365 ## - TRADE PRICE | |
| Currency code | RS |
| Withdrawn status | Lost status | Damaged status | Not for loan | Home library | Current library | Date acquired | Cost, normal purchase price | Total Checkouts | Total Holds | Barcode | Date last seen | Copy number | Price effective from | Koha item type |
|---|---|---|---|---|---|---|---|---|---|---|---|---|---|---|
| IMTN | IMTN | 07/26/2007 | 299.00 | 6001 | CD647 | 06/25/2024 | 1 | 06/25/2024 | CD |